000 01171nam2a22002651 4500
001 2564743
005 20250622222833.0
021 _aRU
_b81-52233
035 _a(NLR Aleph) 006449427
090 _a5722908
_c5722908
100 _a20110316d1980 |||y0rusy50 ca
101 0 _arus
102 _aRU
105 _ay z |||||
200 0 _a... за 1979 г.
_fПодгот. Р. Стасюнас и др.
210 _d1980
_aБ. м.
215 _a75 с.
333 _aДля служеб. пользования
461 0 _10012564737
_12001#$aТехнико-экономический обзор работы предприятий промышленности акустических строительных материалов СССР...$fМ-во пром-ти строит. материалов СССР. Всесоюз. науч.-исслед. ин-т теплоизоляц. и акуст. строит. материалов и изделий. ВНИИтеплоизоляция$v... за 1979 г.
702 1 _aСтасюнас
_bР.
_4570
801 0 _aRU
_bNLR
_gpsbo
801 1 _aRU
_bELAR
_2rusmarc
852 _aNLR
_jDesideratum
942 _cBOOK
980 _aNB